Dame Margaret : (Record no. 23708)
[ view plain ]
| 000 -LEADER | |
|---|---|
| fixed length control field | 00855nam a22002412a 4500 |
| 001 - CONTROL NUMBER | |
| control field | 23708 |
| 003 - CONTROL NUMBER IDENTIFIER | |
| rucl marc code | BD-RjUL |
| 005 - DATE AND TIME OF LATEST TRANSACTION | |
| control field | 20211209000949.0 |
| 008 - FIXED-LENGTH DATA ELEMENTS--GENERAL INFORMATION | |
| fixed length control field | 140311r19481947enkabc 001 0beng d |
| 035 ## - SYSTEM CONTROL NUMBER | |
| System control number | (BD-RjUL)23773 |
| 040 ## - CATALOGING SOURCE | |
| Original cataloging agency | Harvard Univ. Library |
| Transcribing agency | IND |
| Modifying agency | BD-RjUL |
| Language of cataloging | eng |
| 041 ## - LANGUAGE CODE | |
| Language code of text/sound track or separate title | eng |
| 082 ## - DEWEY DECIMAL CLASSIFICATION NUMBER | |
| Classification number | 920.7 |
| Author mark and year | MAD 1948 |
| 090 ## - LOCALLY ASSIGNED LC-TYPE CALL NUMBER (OCLC); LOCAL CALL NUMBER (OCLC) | |
| Classification number (OCLC) (R) ; Classification number, CALL (RLIN) (NR) | DA566.9.L8 |
| Local cutter number (OCLC) ; Book number/undivided call number, CALL (RLIN) | L6 |
| 100 1# - MAIN ENTRY--PERSONAL NAME | |
| Personal name | Lloyd George, Richard Lloyd George, |
| Dates associated with a name | 1889- |
| 9 (RLIN) | 72998 |
| 245 10 - TITLE STATEMENT | |
| Title | Dame Margaret : |
| Remainder of title | the life story of his mother / |
| Statement of responsibility, etc. | by Viscount Gwynedd (now Earl Lloyd George of Dwyfor) |
| 260 ## - PUBLICATION, DISTRIBUTION, ETC. (IMPRINT) | |
| Place of publication, distribution, etc. | London : |
| Name of publisher, distributor, etc. | G. Allen & Unwin, |
| Date of publication, distribution, etc. | 1947 [Reprinted 1948]. |
| 300 ## - PHYSICAL DESCRIPTION | |
| Pagination | viii, 239 p. : |
| Illustrations | illus., ports., map ; |
| Size | 22 cm |
| 500 ## - GENERAL NOTE | |
| General note | Includes index. |
| 600 10 - SUBJECT ADDED ENTRY--PERSONAL NAME | |
| Personal name | Lloyd George, Margaret (Owen), |
| Titles and other words associated with a name | Dame, |
| Dates associated with a name | d. 1941 |
| 650 ## - SUBJECT ADDED ENTRY--TOPICAL TERM | |
| Topical term or geographic name as entry element | Lloyd George, Margaret (Owen), |
| 9 (RLIN) | 73000 |
| 942 ## - ADDED ENTRY ELEMENTS (KOHA) | |
| Source of classification or shelving scheme | Dewey Decimal Classification |
| Koha item type | Books |
| Lost status | Source of classification or shelving scheme | Damaged status | Not for loan | Collection code | Permanent Location | Current Location | Shelving location | Date acquired | Source of acquisition | Cost, normal purchase price | Total Checkouts | Full call number | Date last seen | Copy number | Koha item type |
|---|---|---|---|---|---|---|---|---|---|---|---|---|---|---|---|
| Dewey Decimal Classification | Added to bundle | Non-fiction | Central Library, University of Rajshahi | Central Library, University of Rajshahi | Reading Room | 24/09/1956 | Alies Book | 12.00 | 920.7 MAD 1948 | 11/03/2014 | C-1 | Books | |||
| Dewey Decimal Classification | Non-fiction | Central Library, University of Rajshahi | Central Library, University of Rajshahi | 29/09/1956 | Alies Book | 12.00 | 920.7 MAD 1948 | 12/03/2014 | C-2 | Books |